000 00466 a2200157 4500
005 20250623081931.0
020 _a978-81-317-8746-5
082 _a658.1LAU
100 _aLaudon C. Kenneth
245 _aManagement Information Systems,; Managing The Digital Firm
250 _a12th Ed
260 _aNew York,
_bDorling Kindersley,
_c2013.
300 _axxxi,493p,:illl, table, figure, picture,
_bGlossary, Index,
_c25cm.
700 _aLaudon P. Jane
942 _2ddc
_cBKS
999 _c4609
_d4609